|
|
|
|
| LEADER |
00000naa2a2200000 4500 |
| 001 |
384876 |
| 005 |
20231101063313.0 |
| 035 |
|
|
|a (RuTPU)RU\TPU\prd\12036
|
| 090 |
|
|
|a 384876
|
| 100 |
|
|
|a 20030326a2003 k y0rusy50 ca
|
| 101 |
0 |
|
|a rus
|
| 102 |
|
|
|a RU
|
| 200 |
1 |
|
|a Камчатское течение
|f К. А. Рогачёв
|
| 225 |
1 |
|
|a Научные сообщения
|
| 320 |
|
|
|a Библиогр.: 4 назв.
|
| 461 |
|
1 |
|0 (RuTPU)RU\TPU\prd\304
|x 0032-874X
|t Природа
|o естественно-научный журнал
|f Российская Академия наук
|d 1912-
|
| 463 |
|
1 |
|0 (RuTPU)RU\TPU\prd\72967
|t № 2
|v с. 45-49
|d 2003
|
| 610 |
1 |
|
|a океанология
|
| 610 |
1 |
|
|a Тихий океан
|
| 610 |
1 |
|
|a океанические течения
|
| 610 |
1 |
|
|a спутниковые данные
|
| 700 |
|
1 |
|a Рогачёв
|b К. А.
|
| 801 |
|
1 |
|a RU
|b 63413507
|c 20030326
|g PSBO
|
| 801 |
|
2 |
|a RU
|b 63413507
|c 20100119
|g RCR
|
| 942 |
|
|
|c BK
|